Т. 8: Доклады, заслушанные в секции обогащения полезных ископаемых; Труды первого Всесоюзного горного научно-технического съезда, Москва 14-27 апреля 1926 г.

Bibliografiske detaljer
Parent link:Труды первого Всесоюзного горного научно-технического съезда, Москва 14-27 апреля 1926 г./ СССР, Высший совет народного хозяйства (ВСНХ), Научно-техническое управление, Комиссия по изданию трудов первого Всесоюзного горного научно-технического съезда и горной научно-технической литературы ; под ред. Е. Е. Гендлера. Т. 8: Доклады, заслушанные в секции обогащения полезных ископаемых.— , 1927-1928
Sprog:russisk
Udgivet: 1928
Fag:
Format: MixedMaterials Bog
KOHA link:https://koha.lib.tpu.ru/cgi-bin/koha/opac-detail.pl?biblionumber=177069

MARC

LEADER 00000nam2a2200000 4500
001 177069
005 20231031165457.0
035 |a (RuTPU)RU\TPU\book\191975 
035 |a RU\TPU\book\191974 
090 |a 177069 
100 |a 20100311d1928 k y0rusy50 ca 
101 0 |a rus 
102 |a RU 
105 |a a z 101zy 
200 0 |a Т. 8: Доклады, заслушанные в секции обогащения полезных ископаемых 
210 |d 1928 
215 |a 299 с.  |c ил. 
320 |a Библиогр. в примеч. 
461 1 |0 (RuTPU)RU\TPU\book\190956  |t Труды первого Всесоюзного горного научно-технического съезда, Москва 14-27 апреля 1926 г.  |f СССР, Высший совет народного хозяйства (ВСНХ), Научно-техническое управление, Комиссия по изданию трудов первого Всесоюзного горного научно-технического съезда и горной научно-технической литературы ; под ред. Е. Е. Гендлера  |v Т. 8: Доклады, заслушанные в секции обогащения полезных ископаемых  |d 1927-1928 
610 1 |a горное дело 
610 1 |a горные съезды 
610 1 |a полезные ископаемые 
610 1 |a обогащение 
610 1 |a железные руды 
610 1 |a флотация 
610 1 |a бокситы 
610 1 |a каменный уголь 
610 1 |a сера 
610 1 |a антрациты 
610 1 |a конференции 
801 1 |a RU  |b 63413507  |c 20100311 
801 2 |a RU  |b 63413507  |c 20110926  |g RCR 
942 |c BK